Esencias de tauromaquia en la pintura de Jacobo Gavira / (Record no. 187637)

MARC details
000 -LEADER
campo de control de longitud fija 01080nam a2200301 i 4500
001 - NÚMERO DE CONTROL
campo de control 187637
003 - IDENTIFICADOR DE NÚMERO DE CONTROL
campo de control ES-MaACL
005 - FECHA Y HORA DE LA ÚLTIMA TRANSACCIÓN
campo de control 20250815122201.0
008 - DATOS DE LONGITUD FIJA--INFORMACIÓN GENERAL
campo de control de longitud fija 171213s2016 sp a |||| | spa d
020 ## - NÚMERO INTERNACIONAL ESTÁNDAR DEL LIBRO
Número Internacional Estándar del Libro 978-986-91912-2-7
080 ## - NÚMERO DE LA CLASIFICACIÓN DECIMAL UNIVERSAL
Número de la Clasificación Decimal Universal 75 Gavira, Jacobo
100 1# - ENTRADA PRINCIPAL--NOMBRE DE PERSONA
Nombre de persona Campos Cañizares, José.
9 (RLIN) 138349
245 10 - MENCIÓN DEL TÍTULO
Título Esencias de tauromaquia en la pintura de Jacobo Gavira /
Mención de responsabilidad, etc. José Campos Cañizares ; [traducción al chino, Lucía Jinyun Yang].
250 ## - MENCION DE EDICION
Mención de edición 1ª ed.
260 ## - PUBLICACIÓN, DISTRIBUCIÓN, ETC.
Lugar de publicación, distribución, etc. Taichung :
Nombre del editor, distribuidor, etc. Catay,
Fecha de publicación, distribución, etc. 2016.
300 ## - DESCRIPCIÓN FÍSICA
Extensión 63 p. :
Otras características físicas il. col. ;
Dimensiones 25 cm.
490 1# - MENCIÓN DE SERIE
Mención de serie Orígenes ;
Designación de volumen o secuencia n. 2
504 ## - NOTA DE BIBLIOGRAFÍA, ETC.
Nota de bibliografía, etc. Bibliografía: p. 21.
546 ## - NOTA DE IDIOMA
Nota de lengua/lenguaje Texto en español y traducción en chino.
594 ## - Nota al título y mención de responsabilidad
Nota al título y mención de responsabilidad Título paralelo en chino.
650 #7 - PUNTO DE ACCESO ADICIONAL DE MATERIA--TÉRMINO DE MATERIA
Término de materia o nombre geográfico como elemento de entrada Pintura
Fuente del encabezamiento o término embne
9 (RLIN) 16002
700 1# - ENTRADA AGREGADA--NOMBRE PERSONAL
Nombre de persona Jinyun Yang, Lucia .
9 (RLIN) 163918
830 0# - PUNTO DE ACCESO ADICIONAL DE SERIE-TÍTULO UNIFORME
Título uniforme Orígenes ;
Designación de volumen o secuencia n. 2
9 (RLIN) 192810
852 ## - LOCALIZACIÓN
Ubicación ES-MaACL
Número de control de estantería A-14133
itemnumber 194723
Sublocalización o colección R.151378
Ubicación en estantería Depósito 1
Signatura antigua Olim: N-7133
Donativo/Legado Donación: José Campos Cañizares
903 ## - NOMBRE PERSONAL DE DONANTE
9 138349
a Campos Cañizares, José
e Donante
942 ## - ELEMENTOS DE ENTRADA SECUNDARIOS (KOHA)
Fuente del sistema de clasificación o colocación Clasificación decimal universal
Tipo de ítem Koha Libro impreso
Holdings
Estatus retirado Estado de pérdida Fuente del sistema de clasificación o colocación Estado de daño No para préstamo Biblioteca de origen Biblioteca actual Ubicación en estantería Fecha de adquisición Fuente de adquisición Total de préstamos Signatura topográfica completa Código de barras Visto por última vez Precio de reemplazo Tipo de ítem Koha
    Clasificación decimal universal     Biblioteca del Ateneo de Madrid Biblioteca del Ateneo de Madrid Depósito 1 13/12/2017 Donación   A-14133 1198187 23/02/2023 23/02/2023 Libro impreso